00622nam a2200169Ia 4500003000900000008004100009040001600050080001900066100002300085245010500108260006800213300001700281490006700298650004100365650002400406650002200430IN-BaIIA211028s9999 xx 000 0 eng d cIIA Library a524.3-852bTHO aThomas, Richard N. 0aStellar atmospheric structural patternscRichard N. Thomas  aWashingtonbNational Aeronautics and Space Administrationc1983 axxxiv, 369p. aMonograph series on nonthermal phenomena in stellar atmosphere aAstronomy and astrophysics thesaurus aStellar atmospheres aStellar structure